000 00715nam a2200193Ii 4500
003 JO-AjNU
008 230605s9999||||xx |||||||||||||| ||und||
017 _a1986/352
040 _aJO-AjNU
_bara
_erda
_cJO-AjNU
041 _aara
050 1 4 _aN72.S3.R5312 1986
100 3 _aرايسر، دولف تأليف/ الواسطي، سلمان داود مترجم,
_eauthor
_913305
245 0 0 _aبين الفن والعلم
264 3 1 _aبغداد:وزارة الثقافة والاعلام:دار المأمون للترجمه والنشر،1986
336 _atext
_btxt
_2rdacontent
337 _aunmediated
_bn
_2rdamedia
338 _avolume
_bnc
_2rdacarrier
650 4 _aالفن- رسومات-زخارف
_913306
999 _aA3279
_c6847
_d6847